000 00396nam a22001577a 4500
003 LK-CoDNM
005 20241002100940.0
008 241002b |||||||| |||| 00| 0 eng d
040 _aLK-CoDNM
_dLK-CoDNM
_eLK-CoDNM
080 _a104
_bKK7
245 _aMinute By The Governor
300 _alvi, 15p. ; 32 cm
650 _aMinute By The Governor
650 _a104 kk7
942 _cBK
999 _c217223
_d217223